1263 1431 1519 1175 1881 1458 1710 1024 1393 1166 1687 1662 1213 1012 1024 1842 1605 1283 1982 1996 1004 1529 1038 1941 1997 1912 1774 1546 1940 1124 1937 1252 1239 1665 1994 1083 1114 1712 1165 1585 1759 1846 1069 1519 1950 1973 1611 1426 1760 1070 1752 1752 1766 1018 1115 1094 1100 1407 1331 1177 1571 1167 1375 1030 1685 1889 1255 1302 1103 1953 1925 1093 1987 1194 1426 1600 1523 1177 1361 1032 1309 1483 1561 1586 1106 1883 1585 1056 1476 1890 1623 1899 1255 1043 1285 1663 1997 1159 1930 BCNSPRNW ULIB Ver.6.0+V

เปลี่ยนเป็นภาษาไทย

Change to English
 แสดงรายละเอียดบรรณานุกรม
  กลับหน้าหลัก

Brief Record : Get Marc (ISO 2709) : E-mail record : QR code < ปิดหน้าต่าง
LEADER : 00000nam 2200000uu 4500
001    13399121055
003     ULIB
008    121101s2548||||th 000 0 tha d
020    ^a9746110837
050  4 ^aHV859.T5^bส719ก ล.1
245 00 ^aการจัดการสถานเลี้ยงเด็กในชุมชน =^bManagement of child care centers /^cสาขาวิชาคหกรรมศาสตร์ มหาวิทยาลัยสุโขทัยธรรมาธิราช
246 31 ^aManagement of child care centers
250    ^aพิมพ์ครั้งที่ 8
260    ^aนนทบุรี :^bสำนักพิมพ์มหาวิทยาลัยสุโขทัยธรรมาธิราช,^c2548
300    ^a2 เล่ม :^bภาพประกอบ ;^c30 ซม.
500    ^a"เอกสารการสอนชุดวิชา 70423 หน่วยที่ 1-7, 8-15"- หน้าปกใน
650  4 ^aเด็ก^xการดูแลและสุขวิทยา
650  4 ^aสถานเลี้ยงเด็ก^xการจัดการ
710 2  ^aมหาวิทยาลัยสุโขทัยธรรมาธิราช. ^bสาขาวิชาคหกรรมศาสตร์
945    ^p0^l0^i24385
995    ^aทศพร
999    ^aทศพร เกษรทอง
รายการนี้ยังไม่มีแท็ก
คุณยังไม่ได้ล็อกอิน คุณสามารถมีกิจกรรมร่วมกับเว็บไซต์ได้ แต่ต้องล็อกอินก่อน ::
  ล็อกอิน

รายการสื่อสารสนเทศ

ลำดับที่ ประเภท เลขเรียก/บาร์โค้ด สถานที่ สถานะ
1. วิทยาศาสตร์การแพทย์ และสุขภาพ
วิทยาศาสตร์การแพทย์ และสุขภาพ
HV859.T5 ส719ก ล.1 ฉ.1 
  Barcode: 24385
ห้องสมุดวิทยาเขตสวรรค์ประชารักษ์
►หนังสือทั่วไป
บนชั้น

BibComment


ยังไม่เคยถูกคอมเมนท์

คอมเมนท์ทรัพยากรรายการนี้
  คอมเมนท์: การจัดการสถานเลี..


 Copyright 2026. Bcnsprnw @Library